Normal view
MARC view
- جرائم القتل (فقه إسلامي) -- جرائم القتل -- القانون الجنائي -- الأردن -- القانون الجنائي -- السودان -- القتل -- الجنايات (فقه إسلامي)
Entry Topical Term
001 - CONTROL NUMBER
- control field: 21495
003 - CONTROL NUMBER IDENTIFIER
- control field: JO-AjAnu
005 - DATE AND TIME OF LATEST TRANSACTION
- control field: 20230606073725.0
008 - FIXED-LENGTH DATA ELEMENTS
- fixed length control field: 230606|| aca||aabn | a|a d
040 ## - CATALOGING SOURCE
- Original cataloging agency: JO-AjAnu
- Transcribing agency: JO-AjAnu
150 ## - HEADING--TOPICAL TERM
- Topical term or geographic name entry element: جرائم القتل (فقه إسلامي) -- جرائم القتل -- القانون الجنائي -- الأردن -- القانون الجنائي -- السودان -- القتل -- الجنايات (فقه إسلامي)
670 ## - SOURCE DATA FOUND
- Source citation: Work cat.: (JO-AjAnu)11042: خضرة، زكريا محمد, author 21494, القتل العمد : دراسة تأصيلية فقهية مقارنة